| 000 | 01349nam a2200289 i 4500 | ||
|---|---|---|---|
| 003 | EG-ScBUE | ||
| 005 | 20230912095051.0 | ||
| 008 | 100713s1982 ua a | b 000 0 ara d | ||
| 040 |
_aEG-ScBUE _bara _erda _cEG-ScBUE _dEG-ScBUE |
||
| 082 | 0 | 4 |
_222 _a909.0974 _bم ا ج |
| 100 | 1 |
_916243 _aماجد، عبد المنعم، _eمؤلف. |
|
| 245 | 1 | 2 |
_aالتاريخ السياسي للدولة العربية / _cعبد المنعم ماجد |
| 250 |
_aالطبعة السابعة، _bمزيدة ومنقحة. |
||
| 264 | 1 |
_aالقاهرة : _bمكتبة الأنجلو المصرية، _c1982. |
|
| 300 |
_a2 مجلد ؛ _c24 سم |
||
| 336 |
_2rdacontent _aنص _btxt |
||
| 337 |
_2rdamedia _aبدون وسيط _bn |
||
| 338 |
_2rdacarrier _aمجلد _bnc |
||
| 504 | _aيشتمل على إرجاعات ببليوجرافية. | ||
| 505 | 0 | _aالمجلد الأول. عصور الجاهلية والنبوة والخلفاء الراشدين -- المجلد الثاني. عصر الخلفاء الأمويين. | |
| 541 |
_aألف باء ؛ _cشراء ؛ |
||
| 650 | 7 |
_916244 _aالتاريخ الإسلامي. _2BUEsh |
|
| 650 | 7 |
_916245 _aالدول العربية _xتاريخ _yالعصر الأموي. _2BUEsh |
|
| 650 | 7 |
_916246 _aالدول العربية _xأحوال سياسية. _2BUEsh |
|
| 655 | _vReading book | ||
| 942 |
_2ddc _cBB |
||
| 999 |
_c14473 _d14473 |
||